नेत्ररक्षा आणि दृष्टिदोष निवारण (Record no. 203490)

MARC details
000 -LEADER
fixed length control field 00645nam a2200169Ia 4500
008 - FIXED-LENGTH DATA ELEMENTS--GENERAL INFORMATION
fixed length control field 090201s9999 xx 000 0 und d
010 ## - LIBRARY OF CONGRESS CONTROL NUMBER
LC control number KPL-65865
040 ## - CATALOGING SOURCE
Language of cataloging मराठी
041 ## - LANGUAGE CODE
Language code of text/sound track or separate title मराठी
082 ## - DEWEY DECIMAL CLASSIFICATION NUMBER
Classification number 2397
Item number 65865
100 ## - MAIN ENTRY--PERSONAL NAME
Personal name धीरेन गाला
245 ## - TITLE STATEMENT
Title नेत्ररक्षा आणि दृष्टिदोष निवारण
Statement of responsibility, etc धीरेन गाला
260 ## - PUBLICATION, DISTRIBUTION, ETC. (IMPRINT)
Date of publication, distribution, etc 2004
Name of publisher, distributor, etc जे एस् गाला प्रकाशन
300 ## - PHYSICAL DESCRIPTION
Extent 136
Other physical details मध्यम
600 ## - SUBJECT ADDED ENTRY--PERSONAL NAME
Personal name नेत्ररक्षा आणि दृष्टिदोष निवारण
942 ## - ADDED ENTRY ELEMENTS (KOHA)
Koha item type Book

No items available.